Name Dropping #15: Cricketers - Statistics

General Stats
  • This quiz has been taken 79 times
  • The average score is 23 of 25
Answer Stats
Hint Extra Hint Answer % Correct
Virat India (2008-present) Kohli
99%
Shane Australia (1992-2007) Warne
99%
Brian West Indies (1990-2007) Lara
97%
Ricky Australia (1995-2012) Ponting
97%
Sachin India (1989-2013) Tendulkar
97%
Alastair England (2006-2018) Cook
96%
Chris West Indies (1999-2021) Gayle
96%
Imran Pakistan (1971-1992) Khan
96%
Wasim Pakistan (1984-2003) Akram
94%
James England (2002-2024) Anderson
94%
Don Australia (1928-1948) Bradman
94%
Adam Australia (1996-2008) Gilchrist
94%
Muttiah Sri Lanka (1992-2011) Muralitharan
94%
Viv West Indies (1974-1991) Richards
94%
Rahul India (1996-2012) Dravid
93%
Kapil India (1978-1994) Dev
92%
MS India (2004-2019) Dhoni
92%
Sunil India (1971-1987) Gavaskar
92%
Kumar Sri Lanka (2000-2015) Sangakkara
92%
Ian England (1976-1992) Botham
90%
Jacques South Africa (1995-2014) Kallis
89%
Garfield West Indies (1954-1974) Sobers
89%
Glenn Australia (1993-2007) McGrath
87%
Steve Australia (1985-2004) Waugh
87%
Richard New Zealand (1973-1990) Hadlee
82%
No matching quizzes found
Score Distribution
Percent of People with Each Score
Percentile by Number Answered
Your Score History
You have not taken this quiz